Postavenie žien v ozbrojených silách krajín NATO diplomová práca

Saved in:
Bibliographic Details
Main Author: Stanková, Simona
Corporate Author: Fakulta medzinárodných vzťahov EU. Katedra medzinárodných ekonomických vzťahov a hospodárskej diplomacie
Other Authors: Baleha, Andrianna, 1990-
Format: Book
Language:Slovak
Published: Bratislava 2025
Tags: Add Tag
No Tags, Be the first to tag this record!

MARC

LEADER 00000nbm a2200000 4500
001 0309528
005 20260225092836.6
041 0 |a slo 
044 |a SK 
245 1 0 |a Postavenie žien v ozbrojených silách krajín NATO  |b diplomová práca  |c Simona Stanková ; školiteľ: Andrianna Baleha 
264 1 |a Bratislava  |c 2025 
300 |a 100 s. 
100 1 |a Stanková, Simona 
700 1 |a Baleha, Andrianna, 1990- 
710 2 |a Fakulta medzinárodných vzťahov EU. Katedra medzinárodných ekonomických vzťahov a hospodárskej diplomacie